000
00195 a2200097 4500
001
19102
100
_a
Gunston, W T
245
_a
Flight Handbook
260
_a
_b
Iliffe
_c
090
_c
14136
_d
14136
942
_a
NUST-CAE
_c
M
_c
4599
999
_c
254175
_d
254175